| 000 | 00582cam a2200193Ia 4500 | ||
|---|---|---|---|
| 020 | _a922110849X | ||
| 040 | _cIL# | ||
| 082 | _a687 INT 1998 C146 Or. | ||
| 245 | 0 | 0 |
_aImproving working conditions and productivity in the garment industry : _ban action manual / |
| 260 |
_aGeneva : _bInternational Labour Office, _c1998 |
||
| 300 |
_ax, 165 p. : _bill. ; _c30 cm |
||
| 650 | 0 | _aClothing factories | |
| 650 | 0 | _aClothing trade | |
| 650 | 0 | _aWork environment | |
| 650 | 0 | _aClothing trade | |
| 700 | 1 | _aHiba, Juan Carlos | |
| 710 | 2 | _aInternational Labour Office | |
| 942 | _cAEDBB | ||
| 999 |
_c18494 _d18494 |
||